| 000 | 00452nam a2200181Ia 4500 | ||
|---|---|---|---|
| 008 | 230524s9999 xx 000 0 und d | ||
| 020 | _a9788177000511 | ||
| 082 |
_a4.6 _bNIT |
||
| 100 |
_aS.Nithyanandam _942018 |
||
| 245 | 0 | _aMobile Computing | |
| 250 | _a1 | ||
| 260 |
_aNew Delhi _bDhanpat rai _c2012 |
||
| 300 | _a"XI,269p;" | ||
| 500 | _aQuantity Number: 1 | ||
| 650 | _aComp-Sc | ||
| 700 |
_a"M.Ambika, K.S.Gayathri" _942019 |
||
| 942 | _cBK | ||
| 999 |
_c56432 _d56432 |
||